00687nam a2200229 a 4500001001300000003000900013005001700022008004100039020000900080082001800089245002700107260006000134300000900194500003500203505001000238650001900248710004300267902000800310942000700318952011700325999001500442nice12345678IN_TiNIC20260116012412.0050524s1982 kota grp 000 0 eng  ac1000a230.0954bEBS aStruggle Against Death aKottayambEditorial Board for the Study Programmec1982 a167p aincludes index and biblioraphy2 aindex aTheology-India2 aEditorial Board for the StudyProgramme bSRS cBK 001040708StackRoom-aHMIbHMId2007-06-13g10.00l0o230.0954 EBSp013290r2007-06-13v10.00w2005-05-24yBK c6877d6877